00660 2200241 4500001002100000005001700021008004100038020002200079035002400101040001200125082002200137084002200159090002200181100001600203245004300219250001100262260002700273300003500300650003200335700001900367850001200386990002000398INLIS00000000000002720141014110919.0  a978-979-29-3468-7 0010-081400000103220 aYOPDYOG aDEP 005.262 Abd F aDEP 005.262 Abd F aDEP 005.262 Abd F aABDUL KADIR aFrom zero to a pro DelphicABDUL KADIR aCet. 1 aYogyakartabAndic2013 axviii, 662 hlm.bilus.c28 cm. aDelphi (Bahasa Pemrograman) aMaria Agustina aYOPDYOG aCB-D.112013-781